Random Knowledge Quiz #69 - Statistics

General Stats
  • This quiz has been taken 282 times
  • The average score is 13 of 15
Answer Stats
Question Answer % Correct
What is the most populous city in Australia? Sydney
96%
Botany is the scientific study of... what? Plants
95%
Which body of water do you cross traveling from New York to London? Atlantic Ocean
94%
Which color of moon means once in a very long time? Blue
94%
Which US city has the nickname 'City of Angels'? Los Angeles
93%
Which European country produces the most wine? Italy
92%
Which US singer was known as 'The King of Rock and Roll'? Elvis Presley
90%
The colored part of the eye that surrounds the pupil is called what? Iris
90%
What is the name for a tank used to keep fish? Aquarium
89%
Which hormone does the body produce to regulate blood sugar levels? Glucagon and insulin
86%
Finish these lyrics: Once upon a time, I was falling in love / But now I'm only falling apart/ There's nothing I can do / A total eclipse of the _______ Heart
86%
Who was the prime minister of England during most of World War II? Winston Churchill
86%
What 2016 hit movie musical starred Ryan Gosling and Emma Stone? La La Land
76%
In Harry Potter, what is Gringotts? A bank
68%
What kind of an animal is a moccasin? Snake
62%
No matching quizzes found
Score Distribution
Percent of People with Each Score
Percentile by Number Answered
Your Score History
You have not taken this quiz